|
|
|
|
| LEADER |
00000cam a2200000 7i4500 |
| 001 |
0000078019 |
| 005 |
20040628.0 |
| 020 |
|
|
|a 140530247X
|
| 090 |
0 |
0 |
|a 778.3
|b ANG
|
| 100 |
1 |
|
|a Ang, Tom
|
| 245 |
1 |
0 |
|a Guide to digital photography
|c Tom Ang
|
| 260 |
|
|
|a London :
|b Dorling Kindersley Publishers Ltd. ,
|c 2004
|
| 300 |
|
|
|a 288p. ;
|c 24cm.
|
| 490 |
0 |
|
|a Keep It Simple Series
|
| 650 |
0 |
0 |
|a Image processing
|x Digital techniques
|x Handbooks, manuals, etc.
|
| 650 |
0 |
0 |
|a Photography
|x Digital techniques
|x Handbooks, manuals, etc.
|
| 999 |
|
|
|a 00165598
|b BUKU
|c PINJAMAN
|e PERPUSTAKAAN KOMUNITI PETALING JAYA
|